| 000 | 01238nam a2200361 c 4500 | ||
|---|---|---|---|
| 001 | 20635 | ||
| 003 | ES-MaCES | ||
| 005 | 20181226105928.0 | ||
| 008 | 071115s2007 sp t 000 | spa d | ||
| 017 |
_aM 38717-2007 _bDL |
||
| 020 | _a9788497684552 | ||
| 035 | _aCES20070012788m | ||
| 040 |
_aES-MaCES _bspa _cES-MaCES |
||
| 100 | 1 |
_aFossas Espadaler, Enric _912300 |
|
| 245 | 1 | 3 |
_aEl principio dispositivo en el Estado autonómico _cEnric Fossas Espadaler |
| 260 |
_a[Bilbao] _bInstituto Vasco de Administracion Pública _aMadrid [etc.] _bMarcial Pons, ediciones jurídicas y sociales _c2007 |
||
| 300 |
_a195 p. _c21 cm |
||
| 504 | _aBibliografía: p. 181-192 | ||
| 541 | _cCompra | ||
| 650 | 4 |
_aComunidades Autónomas _930768 |
|
| 650 | 4 |
_agobierno regional _929907 |
|
| 650 | 4 |
_areforma administrativa _927223 |
|
| 650 | 4 |
_aderecho público _927169 |
|
| 650 | 4 |
_aconstitución _927193 |
|
| 650 | 4 |
_aderecho constitucional _927158 |
|
| 650 | 4 |
_areforma legislativa _929892 |
|
| 650 | 4 |
_aEspaña _926964 |
|
| 653 | 1 | 0 | _aDerecho administrativo |
| 710 | 2 |
_aInstituto Vasco de Administración Pública _eed. _94339 |
|
| 902 | _aLIB Libro | ||
| 942 |
_2CES _cBK _h6.0.2. |
||
| 999 |
_c20635 _d20635 |
||